Dewan agama dan falsafah (Jan-Dis 2006) (Record no. 168619)

MARC details
000 -LEADER
fixed length control field 00521nam a2200193 i 4500
001 - CONTROL NUMBER
control field 2-00302475
003 - CONTROL NUMBER IDENTIFIER
control field PPAK
005 - DATE AND TIME OF LATEST TRANSACTION
control field 20180728113234.0
008 - FIXED-LENGTH DATA ELEMENTS--GENERAL INFORMATION
fixed length control field 100127s my a|||| ||||| | may d
022 ## - INTERNATIONAL STANDARD SERIAL NUMBER
International Standard Serial Number 1511-9599
040 ## - CATALOGING SOURCE
Original cataloging agency PPAK
Language of cataloging eng
Transcribing agency PPAK
Description conventions rda
245 00 - TITLE STATEMENT
Title Dewan agama dan falsafah (Jan-Dis 2006)
264 #1 - PRODUCTION, PUBLICATION, DISTRIBUTION, MANUFACTURE, AND COPYRIGHT NOTICE
Place of production, publication, distribution, manufacture Kuala Lumpur:
Name of producer, publisher, distributor, manufacturer Dewan Bahasa dan Pustaka,
336 ## - CONTENT TYPE
Source rdacontent
Content type term text
337 ## - MEDIA TYPE
Source rdamedia
Media type term unmediated
338 ## - CARRIER TYPE
Source rdacarrier
Carrier type term volume
650 10 - SUBJECT ADDED ENTRY--TOPICAL TERM
Topical term or geographic name entry element Islamic - Periodicals
942 ## - ADDED ENTRY ELEMENTS (KOHA)
-- dc
Koha item type Serial
Holdings
Withdrawn status Lost status Source of classification or shelving scheme Damaged status Not for loan Home library Current library Shelving location Date acquired Source of acquisition Cost, normal purchase price Total Checkouts Full call number Barcode Date last seen Copy number Cost, replacement price Price effective from Koha item type
    Dewey Decimal Classification   Not For Loan Perpustakaan Alor Setar Perpustakaan Alor Setar R 27/01/2010 MZI Bistari Trading 35.00   R 297.05 DEW A00602773 12/07/2018 2773 35.00 12/07/2018 Serial
    Dewey Decimal Classification   Not For Loan Perpustakaan Alor Setar Perpustakaan Alor Setar R 27/01/2010 MZI Bistari Trading 35.00   R 297.05 DEW A00602774 12/07/2018 2774 35.00 12/07/2018 Serial
    Dewey Decimal Classification   Not For Loan Perpustakaan Alor Setar Perpustakaan Alor Setar R 27/01/2010 MZI Bistari Trading 35.00   R 297.05 DEW A00602775 12/07/2018 2775 35.00 12/07/2018 Serial
    Dewey Decimal Classification   Not For Loan Perpustakaan Awam Sungai Petani Perpustakaan Awam Sungai Petani R 02/02/2010 MZI Bistari Trading 35.00   R 297.05 DEW A00602820 12/07/2018   35.00 12/07/2018 Serial
    Dewey Decimal Classification   Not For Loan Perpustakaan Awam Sungai Petani Perpustakaan Awam Sungai Petani R 02/02/2010 MZI Bistari Trading 35.00   R 297.05 DEW A00602821 12/07/2018   35.00 12/07/2018 Serial
    Dewey Decimal Classification   Not For Loan Perpustakaan Baling Perpustakaan Baling R 07/02/2010 MZI Bistari Trading 35.00   R 297.05 DEW A00602900 12/07/2018   35.00 12/07/2018 Serial
    Dewey Decimal Classification   Not For Loan Perpustakaan Kuala Nerang Perpustakaan Kuala Nerang R 10/02/2010 MZI Bistari Trading 35.00   R 297.05 DEW A00602928 12/07/2018   35.00 12/07/2018 Serial